Que faire de l'Union européenne ? (Record no. 126466)
[ view plain ]
| 000 -LEADER | |
|---|---|
| campo de control de longitud fija | 01402nam a22002297a 4500 |
| 003 - IDENTIFICADOR DE NÚMERO DE CONTROL | |
| campo de control | BJBSDDR |
| 005 - FECHA Y HORA DE LA ÚLTIMA TRANSACCIÓN | |
| campo de control | 20260226104427.0 |
| 007 - CAMPO FIJO DE DESCRIPCIÓN FÍSICA--INFORMACIÓN GENERAL | |
| campo de control de longitud fija | ta |
| 008 - DATOS DE LONGITUD FIJA--INFORMACIÓN GENERAL | |
| campo de control de longitud fija | 260226s2025 fr ||||| |||| 00| 0 fre d |
| 020 ## - NÚMERO INTERNACIONAL ESTÁNDAR DEL LIBRO | |
| Número Internacional Estándar del Libro | 9782708247918 |
| 020 ## - NÚMERO INTERNACIONAL ESTÁNDAR DEL LIBRO | |
| Número Internacional Estándar del Libro | 2708247913 |
| 040 ## - FUENTE DE CATALOGACIÓN | |
| Lengua de catalogación | spa |
| Centro/agencia transcriptor | BJBSDDR |
| 041 ## - CÓDIGO DE IDIOMA | |
| Código de lengua del texto/banda sonora o título independiente | fre |
| 050 ## - SIGNATURA TOPOGRÁFICA DE LA BIBLIOTECA DEL CONGRESO | |
| Número de ítem | B528 2025 |
| 100 1# - ENTRADA PRINCIPAL--NOMBRE DE PERSONA | |
| Nombre de persona | Bernier, Aurélien |
| 9 (RLIN) | 47216 |
| 245 10 - MENCIÓN DEL TÍTULO | |
| Título | Que faire de l'Union européenne ? |
| Mención de responsabilidad, etc. | Aurélien Bernier |
| 260 ## - PUBLICACIÓN, DISTRIBUCIÓN, ETC. | |
| Lugar de publicación, distribución, etc. | París : |
| Nombre del editor, distribuidor, etc. | Éditions de l'Atelier, |
| Fecha de publicación, distribución, etc. | 2025 |
| 300 ## - DESCRIPCIÓN FÍSICA | |
| Extensión | 153 pages ; |
| Dimensiones | 18 cm |
| 520 ## - RESUMEN, ETC. | |
| Sumario, etc. | Il y a vingt ans, le 29 mai 2005, les Français disaient « non » au Traité constitutionnel européen. Ce vote n'a eu aucun impact sur les grandes orientations de l'Union. De la crise financière de 2007 à la guerre en Ukraine, des plans d'austérité à l'épidémie de Covid ou la crise de l'énergie, celle-ci a poursuivi son œuvre néolibérale dans tous les domaines. S'il existe de nombreux essais qui ont décrit l'impasse des politiques néolibérales européennes, peu ont tenté de donner des perspectives concrètes et réalistes en l'état des rapports de force. C'est l'objectif de ce livre : montrer les véritables leviers qui existent encore pour sortir du carcan néolibéral européen et progresser vers une Europe sociale et écologique. Les marges de manœuvre sont étroites, mais bien réelles. |
| 942 ## - ELEMENTOS DE ENTRADA SECUNDARIOS (KOHA) | |
| Fuente del sistema de clasificación o colocación | Clasificación de Library of Congress |
| Suprimir en OPAC | No |
| Tipo de ítem Koha | Libro |
| 946 ## - PROCESAMIENTO DE INFORMACIÓN LOCAL (OCLC) | |
| Iniciales del agente catalogador | cmc |
| Estatus retirado | Estado de pérdida | Fuente del sistema de clasificación o colocación | Estado de daño | No para préstamo | Colección | Biblioteca de origen | Biblioteca actual | Ubicación en estantería | Fecha de adquisición | Signatura topográfica completa | Código de barras | Visto por última vez | Copia número | Tipo de ítem Koha |
|---|---|---|---|---|---|---|---|---|---|---|---|---|---|---|
| Clasificación de Library of Congress | Automatización y Procesos Técnicos | Biblioteca Juan Bosch | Biblioteca Juan Bosch | Automatización y Procesos Técnicos (1er. Piso) | 26/02/2026 | B528 2025 | 00000198762 | 26/02/2026 | 1 | Libro |
